000 00313nam a2200109Ia 4500
008 221009s9999 xx 000 0 und d
082 _a001
100 _aTakshshila publication
_978699
245 0 _aobjective subject General Studies 7500+Multiple choice Questions
260 _bTakshshila publication
942 _cBK
999 _c65241
_d65241